000 00214nam a22000857a 4500
008 160912b xxu||||| |||| 00| 0 eng d
100 _9375
_aNCERT
245 _aEarly Childhood Education
260 _aNew Delhi
_bNCERT
_c2006
999 _c3034
_d3034